000 00831nam a2200205Ii 4500
003 JO-AjNU
008 230605s9999||||xx |||||||||||||| ||und||
040 _aJO-AjNU
_bara
_erda
_cJO-AjNU
041 _aara
050 1 4 _aK845.S7.F3232.1997
100 3 _a الفضلي ، جعفر محمد ,
_eauthor
_98535
245 0 0 _aالوجيز في العقود المدنية ، البيع ، الإيجار ، المقاولة ، دراسة في ضوء التطور القانوني معززة بالقرارات القضائية
250 _a(د،ط)
264 3 1 _aعمان : دار الثقافة ، 1997
300 _a477ص
336 _atext
_btxt
_2rdacontent
337 _aunmediated
_bn
_2rdamedia
338 _avolume
_bnc
_2rdacarrier
650 4 _aالايجارات -- القانون -- الحقوق القانونية
_98536
999 _aA838
_c4406
_d4406